Nauta : llengua i literatura : educació primària : cicle inicial

Gespeichert in:
Bibliographische Detailangaben
Format: Buch
Sprache:Katalanisch
Erschienen: Barcelona : Vicens Vives, 1998
Katalog:MANES:  Suchergebnis im Bibliothekskatalog
Schulbuchspezifische Eigenschaften:
Tags: Tag hinzufügen
Keine Tags, Fügen Sie den ersten Tag hinzu!
Hinzugefügt zu:17.09.2003
Geändert in:20.05.2026

MARC

LEADER 00000nam a2200000 a 4500
001 .b3004939
003 ES-BaCBU
005 20260520184504.0
008 030918s1998 spca b|l 000 ||cat|c
020 |a 843164561X (Guia 1) 
035 |a 843164561X  |9 ES-BaUB001  |a 0776-65960  |9 ES-BaUB035 
040 |a ES-BaUB  |b cat  |c ES-BaUB 
245 0 0 |a Nauta :  |b llengua i literatura : educació primària : cicle inicial 
260 |a Barcelona :  |b Vicens Vives,  |c 1998 
300 |a vol. (330 p.):  |b il. 
505 8 |a Conté: Guia 1 
546 |a España 
561 |5 es-CRAI  |3 p1 TX EP 3/1 VIC  |a España. Biblioteca Universitat de Barcelona  |k MANES 
690 0 |a LEN 
691 0 |a PRI 
942 |2 ddc  |c BK 
999 |c 89430  |d 89430 
999 |c manes:89430  |d 89430